000 00892cam a22002771 4500
999 _c5405
_d5405
001 5405
003 BD-JhCC
005 20180303125517.0
008 700415s1968 ru a 000 0 eng
035 _a(BD-JhCC)5405
040 _aDLC
_cDLC
_dDLC
_dBD-JhCC
041 1 _aeng
050 0 0 _aTJ213
_b.V5613
082 0 0 _a622
_bVOL
100 1 _aVolotkovskiĭ, S. A.
240 1 0 _aTekhnicheskie sredstva avtomatiki v gornoĭ promyshlennosti.
245 1 0 _aAutomatic control components for mining /
_c[by] S. Volotkovsky [and others] Translated from the Russia [sic] by Boris Kuznetsov.
260 _aMoscow,
_bMir,
_c1968.
300 _a313, [1] p.
_billus.
_c22 cm.
350 _aunpriced
500 _aTranslation of Tekhnicheskie sredstva avtomatiki v gornoĭ promyshlennosti.
650 0 _aAutomatic control.
650 0 _aMining engineering.
942 _2ddc
_cBK